| 000 | 00391nam a2200133Ia 4500 | ||
|---|---|---|---|
| 008 | 211109s9999||||xx |||||||||||||| ||und|| | ||
| 082 |
_a821 _bCHA-P |
||
| 100 | _aChaucer, Richard | ||
| 245 | 0 | _aPoetical Works of Geoffrey Chaucer | |
| 260 |
_bBELL AND DALDY _aLONDON _c1922 |
||
| 630 | _xGeneral Stack | ||
| 650 |
_aEnglish & Old English literatures _vEnglish poetry _xLiterature |
||
| 942 | _cBOOK | ||
| 999 |
_c2003 _d2003 |
||